Visualizzazione normale
Vista MARC
- Patrologia latina (eccetto Augustinus, Aurelius, s.)
di Genre/Form Term
Records bibliografici associati: 1
001 - CONTROL NUMBER
- control field: 58348
003 - CONTROL NUMBER IDENTIFIER
- control field:
005 - DATE AND TIME OF LATEST TRANSACTION
- control field: 20200828113252.0
008 - FIXED-LENGTH DATA ELEMENTS
- fixed length control field: 200828|| aca||aabn | a|a d
040 ## - CATALOGING SOURCE
- Original cataloging agency:
- Transcribing agency:
155 ## - HEADING--GENRE/FORM TERM
- Genre/form term: Patrologia latina (eccetto Augustinus, Aurelius, s.)
- General subdivision: Tertullianus, Quintus Septimius Florens, ca.160-ca.225
670 ## - SOURCE DATA FOUND
- Source citation: Work cat.: ()0: Tertullianus, Quintus Septimius Florens, circa 160-circa 225. 58347, Difesa del Cristianesimo "Apologeticum" /, 2008.